000 00471nam a2200157 i 4500
001 142997
003 ES-MaACL
005 20230906200703.0
007 t|
008 071011s1949 sp ||||1| cat d
100 1 _aVendrell, Emili.
_9113873
245 1 3 _aEl miracle de Sant Ponç
_b: poema dramátic en tres actes i en vers /
_cEmilio Vendrell.
260 _aBarcelona :
_bAymá,
_c1949.
300 _a154 p. :
_bil. ;
_c18 cm.
852 _aES-MaACL
_jE-1194
_bR.28424
999 _c142997
_d142997